000 01021nam a22003015a 4500
005 20201128023841.0
008 161009t2016 si a fr 001 0 eng d
020 _a9789814660730 (v. 1)
020 _a9814660736 (v. 1)
020 _a9789814720045 (v.2)
020 _a9814720046 (v.2)
040 _aEG-ScBUE
_beng
_cEG-ScBUE
_dEG-ScBUE
_dEG-ScBUE
082 0 4 _222
_a620.105
_bVEC
245 0 0 _aVector mechanics for engineers /
_cFerdinand P. Beer ... [et al.]
250 _a11th ed., SI Units.
260 _a[Singapore] :
_bMcGraw-Hill Higher Education,
_cc.2016.
300 _a2 v. :
_bill. ;
_c28 cm.
500 _aIncludes indexes.
505 0 _av. 1. Statics -- v. 2. Dynamics.
650 7 _2BUEsh
_932679
_aStatics.
650 7 _92049
_aMechanics, Applied.
_2BUEsh
650 7 _931065
_aVector analysis.
_2BUEsh
650 7 _918728
_aDynamics.
_2BUEsh
651 _2BUEsh
653 _bENGMEC
_cOctober2016
_cDecember2016
700 1 _aBeer, Ferdinand P.
_q(Ferdinand Pierre),
_d1915-2003
_912477
942 _2ddc
999 _c22467
_d22439